000 00472nam a2200181Ia 4500
003 GCL
008 140319s9999 xx 000 0 eng d
040 _aGCL /
_cGCL
082 0 4 _a843
_bG V
100 1 _aGEORGES, DUHAMEL
245 1 0 _aLE VOYAGE DE PATRICE PERIOT /
_cGEORGES, DUHAMEL
260 _a[S.N] :
_bMERCURE DE FRANCE ،
_c1983
300 _a311 P
490 _aCOLLECTION FOLIO
_v0
650 0 4 _aLITERATURE
650 0 4 _aFRENCH LITERATURE
942 _2ddc
_cBK
999 _c23055
_d23055